[Event "Druzynowe  Mistrzostwa Polski w Szachach - I liga"]
[Site "Poronin-Limba"]
[Date "1899-12-30"]
[Round "3.26"]
[White "Brodowski, Piotr"]
[Black "Chojnacki, Krzysztof"]
[Result "1-0"]
[WhiteTitle "IM"]
[BlackTitle "IM"]
[WhiteElo "2439"]
[BlackElo "2364"]

1. c4 f5 2. Nc3 Nf6 3. Nf3 g6 4. d3 Bg7 5. e4 d6 6. exf5 Bxf5 7. d4 O-O 8. Bd3
Bg4 9. Be2 Nc6 10. d5 Nb4 11. a3 Na6 12. Nd4 Bd7 13. Bf3 Nc5 14. O-O Rb8 15. Re1
Re8 16. Bg5 h6 17. Be3 e5 18. dxe6 Nxe6 19. Nxe6 Bxe6 20. Qd3 Bf5 21. Qd2 Bg4
22. Bxg4 Nxg4 23. Bxa7 Ra8 24. Bd4 Qh4 25. h3 Ne5 26. Bxe5 Rxe5 27. Rxe5 Bxe5
28. Re1 c6 29. Re4 Bxc3 30. Qe2 Qf6 31. Re6 Qg5 32. bxc3 Rxa3 33. Qe4 Kg7 34.
Qd4+ Kf7 35. Rxd6 c5 36. Qe4 Ra1+ 37. Kh2 h5 38. Qxb7+ Kf8 39. Qc8+ Kg7 40. Rd7+
Kf6 41. Qd8+ 1-0

[Event "Druzynowe  Mistrzostwa Polski w Szachach - I liga"]
[Site "Poronin-Limba"]
[Date "1899-12-30"]
[Round "3.27"]
[White "Musialkiewicz, Jan"]
[Black "Luch, Michal"]
[Result "1/2-1/2"]
[WhiteTitle "k+"]
[BlackTitle "IM"]
[WhiteElo "2266"]
[BlackElo "2383"]

1. e4 Nf6 2. e5 Nd5 3. d4 d6 4. Nf3 dxe5 5. Nxe5 c6 6. Bd3 Nd7 7. Nf3 g6 8. O-O
Bg7 9. Re1 O-O 10. c4 Nc7 11. Nc3 Nb6 12. Re4 Bf5 13. Rh4 Bxd3 14. Qxd3 e5 15.
Bg5 f6 16. Bh6 Bxh6 17. Rxh6 Ne6 18. Rd1 exd4 19. Nxd4 Qxd4 20. Qxd4 Nxd4 21.
Rxd4 Rad8 22. Rxd8 Rxd8 23. b3 Rd2 24. Kf1 Nd7 25. Rh3 Rc2 26. Re3 Kf8 27. Ke1
f5 28. Re2 Rc1+ 29. Kd2 Rh1 30. h3 Rg1 31. f3 Nf6 32. Ke3 Nh5 33. Rd2 Ke7 34.
Kf2 Rc1 35. Ne2 Ra1 36. g4 Ng7 37. Kg3 Ne6 38. gxf5 gxf5 39. Nd4 Ng7 40. Ne2 Ne6
41. Nd4 Ng7 42. Ne2 a5 43. Nf4 Rg1+ 1/2-1/2

[Event "Druzynowe  Mistrzostwa Polski w Szachach - I liga"]
[Site "Poronin-Limba"]
[Date "1899-12-30"]
[Round "3.28"]
[White "Skawinski, Arkadiusz"]
[Black "Musialkiewicz, Pawel"]
[Result "1-0"]
[WhiteTitle "FM"]
[BlackTitle "FM"]
[WhiteElo "2391"]
[BlackElo "2266"]

1. e4 e6 2. d4 d5 3. Nc3 Bb4 4. exd5 exd5 5. Bd3 c6 6. Bf4 Ne7 7. Qf3 Ng6 8. Bg3
c5 9. Bxg6 hxg6 10. O-O-O O-O 11. Nxd5 Bg4 12. Qxg4 Qxd5 13. dxc5 Qxc5 14. Bd6
Qxd6 15. Rxd6 Bxd6 16. Nf3 Nc6 17. h4 Rae8 18. g3 Ne5 19. Nxe5 Bxe5 20. h5 Re6
21. f4 Bd4 22. c3 Be3+ 23. Kc2 gxh5 24. Rxh5 Rd8 25. Rh8+ Kxh8 26. Qh4+ Kg8 27.
Qxd8+ Kh7 28. Qd7 Rg6 29. Qxb7 Rxg3 30. Qxf7 Kh6 31. b4 Rf3 32. f5 Rg3 33. a4
Bf2 34. f6 Be1 35. fxg7 1-0

[Event "Druzynowe  Mistrzostwa Polski w Szachach - I liga"]
[Site "Poronin-Limba"]
[Date "1899-12-30"]
[Round "3.29"]
[White "Bardeli, Lukasz"]
[Black "Plichta, Kamil"]
[Result "0-1"]
[WhiteTitle "FM"]
[BlackTitle "FM"]
[WhiteElo "2188"]
[BlackElo "2363"]

1. e4 g6 2. d4 Bg7 3. Nc3 d6 4. Be2 a6 5. Nf3 Nd7 6. O-O e6 7. Bg5 Ne7 8. Qd2 h6
9. Be3 b6 10. Ne1 Bb7 11. a4 Nf6 12. f3 g5 13. Bd3 c5 14. Ne2 cxd4 15. Bxd4 d5
16. e5 Nd7 17. f4 Nc6 18. f5 Nxd4 19. Nxd4 Bxe5 20. Nef3 Bxd4+ 21. Nxd4 e5 22.
Ne6 fxe6 23. fxe6 Nf6 24. Bg6+ Ke7 25. Rxf6 Kxf6 26. Qf2+ Kxe6 27. Qf7+ Kd6 28.
Qxb7 Qc7 0-1

[Event "Druzynowe  Mistrzostwa Polski w Szachach - I liga"]
[Site "Poronin-Limba"]
[Date "1899-12-30"]
[Round "3.30"]
[White "Przezdziecka, Ewa"]
[Black "Szelag, Zuzanna"]
[Result "1-0"]
[WhiteTitle "WFM"]
[BlackTitle "I++"]
[WhiteElo "2183"]
[BlackElo "1835"]

1. d4 Nf6 2. Nf3 e6 3. c4 c5 4. d5 exd5 5. cxd5 d6 6. Nc3 g6 7. Bf4 Bg7 8. h3 O-O
9. e3 a6 10. a4 Qc7 11. Nd2 Nh5 12. Bh2 Re8 13. Nc4 Bf8 14. g4 Nf6 15. Qf3 Nfd7
16. Ne4 Qd8 17. Bd3 Bg7 18. Nexd6 Rf8 19. O-O Nb6 20. a5 Nxc4 21. Nxc4 Nd7 22.
Rac1 b5 23. axb6 Nxb6 24. b3 Ra7 25. Nxb6 Qxb6 26. Bc4 Bd7 27. Qf4 Qd8 28. Qd6
h5 29. f3 Bh6 30. Qxc5 Re8 31. Rce1 Ra8 32. e4 Rc8 33. Qd6 a5 34. Ba6 Rc3 35.
Kg2 Rxb3 36. Bc4 Rb6 37. Qc5 Bf8 38. Qc7 Rb2+ 39. Re2 Qxc7 40. Bxc7 Rb4 41. Bd3
Rd4 42. Rd1 hxg4 43. hxg4 a4 44. Bb6 Rb4 45. Ba5 Rbb8 46. Bc3 Rec8 47. Be5 Rb3
48. Ra2 a3 49. Bc2 Rb6 50. g5 Rc4 51. Bd3 Ra4 52. Rh1 Bg7 53. Bxg7 Kxg7 54. Rha1
Rb2+ 55. Rxb2 axb2 56. Rxa4 Bxa4 57. f4 Kf8 58. Kf3 Ke7 59. Ke3 Bb5 60. Bb1 Kd6
61. Kd4 Be2 62. e5+ Kd7 63. Kc3 Bf3 64. d6 Bd5 65. Kxb2 Ke8 66. Kc3 Kd7 67. Kd4
Bf3 68. Ba2 Ke8 69. e6 fxe6 70. Bxe6 Bc6 71. Ke5 Bb5 72. Kf6 Bd3 73. Bf7+ 1-0

[Event "Druzynowe  Mistrzostwa Polski w Szachach - I liga"]
[Site "Poronin-Limba"]
[Date "1899-12-30"]
[Round "4.1"]
[White "Rudolf, Michal"]
[Black "Butkiewicz, Lukasz"]
[Result "1/2-1/2"]
[WhiteTitle "FM"]
[BlackTitle "IM"]
[WhiteElo "2360"]
[BlackElo "2462"]

1. e4 c5 2. Nf3 d6 3. Bb5+ Nc6 4. O-O Bd7 5. Re1 a6 6. Bf1 Bg4 7. h3 Bh5 8. g4
Bg6 9. d4 cxd4 10. Nxd4 Nxd4 11. Qxd4 e5 12. Qd3 Nf6 13. Nc3 Be7 14. Bg5 O-O 15.
Rad1 Ne8 16. Be3 Bg5 17. Nd5 Bxe3 18. Rxe3 Rc8 19. Qb3 b5 20. a4 bxa4 21. Qxa4
a5 22. c3 h5 23. gxh5 Bxh5 24. Ra1 Rc5 25. b4 axb4 26. cxb4 Rc8 27. Qa6 Kh8 28.
Ne7 Rc2 29. Qd3 Rc7 30. Nd5 Rb7 31. Ra6 Nc7 32. Nxc7 Qxc7 33. Rxd6 1/2-1/2

[Event "Druzynowe  Mistrzostwa Polski w Szachach - I liga"]
[Site "Poronin-Limba"]
[Date "1899-12-30"]
[Round "4.2"]
[White "Brodowski, Piotr"]
[Black "Warszawski, Bartosz"]
[Result "1-0"]
[WhiteTitle "IM"]
[BlackTitle "m"]
[WhiteElo "2439"]
[BlackElo "2202"]

1. c4 e6 2. e4 c5 3. Nc3 Nc6 4. g3 Nf6 5. Bg2 Be7 6. Nge2 O-O 7. d4 cxd4 8. Nxd4
Qb6 9. Nc2 d6 10. O-O a6 11. h3 Qc7 12. b3 b6 13. Bb2 Bb7 14. Rc1 Rac8 15. g4
Nd7 16. Kh1 Nc5 17. f4 a5 18. Ne3 Nb4 19. Ba1 Qb8 20. g5 Qa8 21. Ncd5 exd5 22.
Nf5 Rfe8 23. Nh6+ gxh6 24. gxh6 f5 25. Qh5 d4 26. Rg1 Bf6 27. Bf3+ Kf8 28. Qxf5
Nxe4 29. Qxh7 Ng5 30. Rxg5 Bxf3+ 31. Kg1 Bd5 32. Rg7 1-0

[Event "Druzynowe  Mistrzostwa Polski w Szachach - I liga"]
[Site "Poronin-Limba"]
[Date "1899-12-30"]
[Round "4.3"]
[White "Chalupnik, Marcin"]
[Black "Bronowicki, Mateusz"]
[Result "1/2-1/2"]
[WhiteTitle "k++"]
[BlackTitle "FM"]
[WhiteElo "2176"]
[BlackElo "2277"]

1. e4 e6 2. d4 d5 3. Nc3 Nc6 4. Nf3 Nf6 5. e5 Ne4 6. Bd3 Bb4 7. Bd2 Nxd2 8. Qxd2
f6 9. a3 Bxc3 10. Qxc3 fxe5 11. Nxe5 Nxe5 12. dxe5 O-O 13. O-O c6 14. Qd4 Qg5
15. Rae1 b6 16. f4 Qe7 17. c3 Qc5 18. Qxc5 bxc5 19. b4 cxb4 20. axb4 a5 21. Ra1
a4 22. Ra3 Bd7 23. g3 c5 24. Kf2 Rfc8 25. Rb1 Rab8 26. bxc5 Rxb1 27. Bxb1 Rxc5
28. Bd3 Rc7 29. Ke3 Kf7 30. Kd4 Rb7 31. Ke4 1/2-1/2

[Event "Druzynowe  Mistrzostwa Polski w Szachach - I liga"]
[Site "Poronin-Limba"]
[Date "1899-12-30"]
[Round "4.4"]
[White "Skawinski, Arkadiusz"]
[Black "Rams, Michal"]
[Result "1-0"]
[WhiteTitle "FM"]
[BlackTitle "k+"]
[WhiteElo "2391"]
[BlackElo "2183"]

1. e4 g6 2. d4 Bg7 3. Nc3 d6 4. f4 a6 5. Nf3 b5 6. Bd3 Nd7 7. e5 c5 8. Be4 Rb8
9. O-O Nh6 10. exd6 exd6 11. f5 Ng4 12. Bg5 Bf6 13. Bxf6 Ndxf6 14. Qe1 cxd4 15.
Nxd4 Qb6 16. Rd1 O-O 17. h3 Ne5 18. fxg6 fxg6 19. Kh1 Bd7 20. Nf3 Rbe8 21. Nxe5
Rxe5 22. Qh4 Qd8 23. Rxd6 Nxe4 24. Rxf8+ Qxf8 25. Rxd7 Qf1+ 26. Kh2 Ng5 27. Ne4
Rxe4 28. Qxg5 Qf4+ 29. Qxf4 Rxf4 30. Kg3 Ra4 31. a3 Rc4 32. c3 Rc6 33. Kf3 Rf6+
34. Ke3 Re6+ 35. Kd3 Re1 36. Kc2 Re2+ 37. Rd2 Re6 38. Rf2 a5 39. b3 Kg7 40. c4
bxc4 41. bxc4 Re3 42. Rf3 Re2+ 43. Kb3 Rxg2 44. c5 1-0

[Event "Druzynowe  Mistrzostwa Polski w Szachach - I liga"]
[Site "Poronin-Limba"]
[Date "1899-12-30"]
[Round "4.5"]
[White "Kaim, Piotr"]
[Black "Plichta, Kamil"]
[Result "0-1"]
[WhiteTitle "m"]
[BlackTitle "FM"]
[WhiteElo "2138"]
[BlackElo "2363"]

1. d4 d6 2. c4 Nf6 3. Nc3 g6 4. e4 Bg7 5. Nf3 O-O 6. h3 e5 7. d5 a5 8. Bg5 Na6
9. Nd2 Qe8 10. Be2 Nd7 11. a3 Nb6 12. b3 Bd7 13. O-O f5 14. exf5 gxf5 15. Bh5
Qb8 16. Qc2 Be8 17. Be2 Bg6 18. Rab1 Nd7 19. b4 Qe8 20. f3 Kh8 21. Bh4 e4 22.
f4 Rg8 23. Nb5 Bh5 24. Qd1 Bxe2 25. Qxe2 axb4 26. axb4 Qg6 27. Bf2 c5 28. bxc5
Naxc5 29. Be3 Ra2 30. Nd4 h6 31. Kh2 Kh7 32. Ra1 Bxd4 33. Bxd4 Qxg2+ 34. Qxg2
Rxg2+ 35. Kxg2 Rxd2+ 36. Bf2 e3 37. Rae1 exf2 38. Re7+ Kg6 39. Rxf2 Rxf2+ 40.
Kxf2 Nb6 41. Ke3 Nxc4+ 42. Kd4 Nd2 43. Re8 Nde4 44. Rg8+ Kh5 45. Rf8 Ng3 46. Kc4
Nce4 47. Kb5 Kh4 0-1

[Event "Druzynowe  Mistrzostwa Polski w Szachach - I liga"]
[Site "Poronin-Limba"]
[Date "1899-12-30"]
[Round "4.6"]
[White "Przezdziecka, Ewa"]
[Black "Bednarska-bzdega, Malgorzata"]
[Result "1-0"]
[WhiteTitle "WFM"]
[BlackTitle "WFM"]
[WhiteElo "2183"]
[BlackElo "2008"]

1. d4 Nf6 2. c4 g6 3. Nc3 d5 4. Bg5 Ne4 5. Bh4 Nxc3 6. bxc3 Bg7 7. e3 c5 8. Nf3
Nc6 9. cxd5 Qxd5 10. Be2 O-O 11. O-O cxd4 12. cxd4 Bf5 13. Qa4 h6 14. Rac1 g5
15. Bg3 Qa5 16. Qxa5 Nxa5 17. Rc5 b6 18. Rxf5 a6 19. Rd5 Ra7 20. Rc1 Bf6 21. Be5
e6 22. Rxa5 bxa5 23. Bxf6 Rb7 24. Bxa6 Rb2 25. a4 Rb6 26. Bb5 Kh7 27. Ne5 1-0

[Event "Druzynowe  Mistrzostwa Polski w Szachach - I liga"]
[Site "Poronin-Limba"]
[Date "1899-12-30"]
[Round "4.7"]
[White "Tazbir, Marcin"]
[Black "Lubczynski, Rafal"]
[Result "1/2-1/2"]
[WhiteTitle "GM"]
[BlackTitle "IM"]
[WhiteElo "2519"]
[BlackElo "2418"]

1. d4 d5 2. c4 c6 3. Nf3 Nf6 4. Nc3 a6 5. g3 b5 6. cxd5 cxd5 7. Bg2 Bb7 8. O-O
e6 9. a4 b4 10. Na2 Be7 11. Bg5 Nbd7 12. Ne5 Nxe5 13. dxe5 Nd7 14. Bxe7 Qxe7 15.
Qd4 O-O 16. Rfc1 Rfc8 17. a5 b3 18. Rxc8+ Rxc8 19. Nc1 Rc4 20. Qa7 Qc5 21. Qxb7
Rxc1+ 22. Rxc1 Qxc1+ 23. Bf1 Qxb2 24. Qxd7 g6 25. Qd8+ Kg7 26. Qf6+ Kg8 27. Qd8+
Kg7 28. Qf6+ Kg8 29. Qd8+ Kg7 1/2-1/2

[Event "Druzynowe  Mistrzostwa Polski w Szachach - I liga"]
[Site "Poronin-Limba"]
[Date "1899-12-30"]
[Round "4.8"]
[White "Chojnacki, Krzysztof"]
[Black "Cyborowski, Lukasz"]
[Result "1/2-1/2"]
[WhiteTitle "IM"]
[BlackTitle "GM"]
[WhiteElo "2364"]
[BlackElo "2522"]

1. d4 Nf6 2. c4 g6 3. Nc3 Bg7 4. e4 d6 5. Be2 O-O 6. Bg5 c5 7. d5 e6 8. Qd2 exd5
9. exd5 Qb6 10. Nf3 Bf5 11. Nh4 Ne4 12. Nxe4 Bxe4 13. f3 h6 14. Bxh6 Bxh6 15.
Qxh6 Qxb2 16. O-O Bc2 17. Qd2 Qd4+ 18. Qxd4 cxd4 19. Rac1 d3 20. Bd1 Nd7 21. Bxc2
dxc2 22. Rxc2 Rfe8 23. g3 Rac8 24. Rfc1 Re3 25. Kf2 Ra3 26. f4 Nf6 27. Ng2 Ng4+
28. Kg1 b6 29. Rb1 Rd3 30. Rbc1 Ra3 31. Rb1 Rd3 32. Rbc1 Ra3 1/2-1/2

[Event "Druzynowe  Mistrzostwa Polski w Szachach - I liga"]
[Site "Poronin-Limba"]
[Date "1899-12-30"]
[Round "4.9"]
[White "Nurkiewicz, Maciej"]
[Black "Musialkiewicz, Jan"]
[Result "1-0"]
[WhiteTitle "m"]
[BlackTitle "k+"]
[WhiteElo "2365"]
[BlackElo "2266"]

1. e4 c5 2. Nf3 d6 3. d4 cxd4 4. Nxd4 Nf6 5. Nc3 a6 6. Be3 e6 7. f3 b5 8. Qd2 Nbd7
9. g4 h6 10. h4 b4 11. Na4 d5 12. Bh3 Ne5 13. g5 hxg5 14. hxg5 Nc4 15. Qf2 Nh5
16. Bg4 g6 17. O-O-O Qa5 18. b3 Bg7 19. exd5 Nxe3 20. Qxe3 O-O 21. Bxh5 gxh5 22.
Nc6 Qc7 23. Rxh5 Bb7 24. Qe4 Rfe8 25. Rdh1 Bxc6 26. dxc6 Rac8 27. g6 Qxc6 28.
gxf7+ Kxf7 29. Qf4+ Kg8 30. Nc5 Qb6 31. Nd7 Qd4 32. Qxd4 Bxd4 33. Rg5+ 1-0

[Event "Druzynowe  Mistrzostwa Polski w Szachach - I liga"]
[Site "Poronin-Limba"]
[Date "1899-12-30"]
[Round "4.10"]
[White "Musialkiewicz, Pawel"]
[Black "Bartel, Michal"]
[Result "0-1"]
[WhiteTitle "FM"]
[BlackTitle "FM"]
[WhiteElo "2266"]
[BlackElo "2337"]

1. d4 d5 2. c4 e6 3. Nc3 a6 4. cxd5 exd5 5. Nf3 Nf6 6. Bg5 Be6 7. g3 Nbd7 8. Bg2
h6 9. Bf4 g5 10. Be5 c6 11. O-O g4 12. Bxf6 Qxf6 13. Ne1 h5 14. f4 Bf5 15. Rc1
Bg7 16. e3 h4 17. Nc2 Qh6 18. e4 hxg3 19. hxg3 Bxe4 20. Nxe4 dxe4 21. Qxg4 O-O-O
22. Rfd1 Rdg8 23. Qf5 Qh2+ 24. Kf1 Qxg3 25. Qxe4 Rh4 26. Rd3 Rxf4+ 27. Kg1 Qf2+
0-1

[Event "Druzynowe  Mistrzostwa Polski w Szachach - I liga"]
[Site "Poronin-Limba"]
[Date "1899-12-30"]
[Round "4.11"]
[White "Sliwerski, Radoslaw"]
[Black "Bardeli, Lukasz"]
[Result "0-1"]
[WhiteTitle "k++"]
[BlackTitle "FM"]
[WhiteElo "1969"]
[BlackElo "2188"]

1. d4 d5 2. c4 c6 3. cxd5 cxd5 4. Nc3 Nf6 5. Bf4 Nc6 6. Nf3 a6 7. Rc1 Ne4 8. Ne5
Nxc3 9. Rxc3 Qb6 10. Nxc6 bxc6 11. Qc2 Qxd4 12. e3 Qe4 13. Bd3 Qxg2 14. Rf1 e5
15. Qa4 Bd7 16. Bxe5 c5 17. Qf4 Qg4 18. Qxg4 Bxg4 19. Rg1 Be6 20. Ke2 f6 21. Bf4
c4 22. Bb1 g5 23. Bc7 Bb4 24. Rcc1 O-O 25. f4 h5 26. f5 Bd7 27. Bb6 h4 28. Bd4
Be8 29. e4 Bh5+ 30. Kf2 Bd2 31. Rc2 Bf4 32. Kg2 dxe4 33. Rxc4 Bf3+ 34. Kh3 Rad8
35. Bc3 Rde8 36. Rc6 e3 37. Rxf6 Rxf6 38. Bxf6 e2 39. Bc3 Be3 40. Re1 Bf2 41.
Rc1 g4# 0-1

[Event "Druzynowe  Mistrzostwa Polski w Szachach - I liga"]
[Site "Poronin-Limba"]
[Date "1899-12-30"]
[Round "4.12"]
[White "Szelag, Zuzanna"]
[Black "Kulon, Klaudia"]
[Result "0-1"]
[WhiteTitle "I++"]
[BlackTitle "WGM"]
[WhiteElo "1835"]
[BlackElo "2346"]

1. e4 e5 2. Nf3 Nc6 3. Bb5 a6 4. Ba4 d6 5. c3 Bd7 6. O-O g6 7. d4 Bg7 8. Re1 Nge7
9. Be3 O-O 10. Nbd2 h6 11. Nf1 b5 12. Bb3 Na5 13. Bc2 Nc4 14. Qc1 Nxe3 15. Qxe3
exd4 16. Nxd4 c5 17. Nf3 Be6 18. Ng3 Qc7 19. a4 Nc6 20. Ne2 Rae8 21. Nf4 Na5 22.
Nd2 d5 23. axb5 axb5 24. Nxe6 Rxe6 25. Qg3 Qd8 26. exd5 Rxe1+ 27. Rxe1 Qxd5 28.
Ne4 Qa2 29. Rb1 Nc4 30. Nxc5 Rd8 31. h3 Rd2 32. Be4 Rxb2 33. Rd1 Rd2 34. Rxd2
Qxd2 35. Nd3 Qd1+ 36. Kh2 Nd2 37. Qg4 Qxg4 38. hxg4 Nxe4 0-1

[Event "Druzynowe  Mistrzostwa Polski w Szachach - I liga"]
[Site "Poronin-Limba"]
[Date "1899-12-30"]
[Round "4.13"]
[White "Cukrowski, Filip"]
[Black "Simantsev, Mikhail"]
[Result "1-0"]
[WhiteTitle "FM"]
[BlackTitle "GM"]
[WhiteElo "2414"]
[BlackElo "2486"]

1. e4 e5 2. Nf3 Nc6 3. Bb5 a6 4. Ba4 Nf6 5. O-O Be7 6. Re1 b5 7. Bb3 d6 8. c3 O-O
9. h3 Bb7 10. d4 Re8 11. Nbd2 exd4 12. cxd4 Nd7 13. Nf1 Na5 14. Bc2 c5 15. Ne3
g6 16. Ng4 h5 17. Nh6+ Kg7 18. Qd2 Bf6 19. Qf4 cxd4 20. Nxd4 Ne5 21. Nhf5+ Kg8
22. Nh6+ Kg7 23. g4 hxg4 24. hxg4 Nac6 25. Nxc6 Bxc6 26. Kg2 Rc8 27. g5 Be7 28.
Bd2 Bd7 29. Rac1 Be6 30. Qg3 Qb6 31. f4 Qd4 32. Bc3 Rxc3 33. Qxc3 Qxc3 34. bxc3
Nc4 35. Kg3 Rc8 36. Nf5+ Kf8 37. Nd4 Bd7 38. Bb3 Bd8 39. Rh1 Kg7 40. Rh2 Ba5 41.
f5 d5 42. f6+ Kg8 43. Rh4 1-0

[Event "Druzynowe  Mistrzostwa Polski w Szachach - I liga"]
[Site "Poronin-Limba"]
[Date "1899-12-30"]
[Round "4.14"]
[White "Sopur, Lech"]
[Black "Sabuk, Piotr"]
[Result "1-0"]
[WhiteTitle "m"]
[BlackTitle "IM"]
[WhiteElo "2394"]
[BlackElo "2376"]

1. Nf3 e6 2. c4 d5 3. d4 Nf6 4. Nc3 Be7 5. Bg5 h6 6. Bh4 O-O 7. e3 Ne4 8. Bxe7
Qxe7 9. Rc1 c6 10. h4 Rd8 11. g4 c5 12. g5 cxd4 13. exd4 Nc6 14. gxh6 e5 15. Be2
Bg4 16. Nxd5 Rxd5 17. cxd5 Bxf3 18. Bxf3 Qb4+ 19. Kf1 Nd2+ 20. Kg1 Nxd4 21. Bg2
Qxb2 22. Rc7 Qb6 23. Qg4 Qxh6 24. Rh3 Re8 25. Rc8 Rxc8 26. Qxc8+ Kh7 27. Qg4 f5
28. Qg5 Nc4 29. Qxh6+ Kxh6 30. Bf1 Nd6 31. Rc3 e4 32. Rc7 Nf3+ 33. Kh1 Ne5 34.
Re7 Nef7 35. Bb5 g6 36. Be8 Kg7 37. Bxf7 Nxf7 38. Rxb7 Kf6 39. Rxa7 Nd6 40. a4
Ke5 41. a5 Kxd5 42. a6 Kc6 43. Rg7 1-0

[Event "Druzynowe  Mistrzostwa Polski w Szachach - I liga"]
[Site "Poronin-Limba"]
[Date "1899-12-30"]
[Round "4.15"]
[White "Goluch, Piotr"]
[Black "Orzech, Dominik"]
[Result "1-0"]
[WhiteTitle "FM"]
[BlackTitle "IM"]
[WhiteElo "2275"]
[BlackElo "2380"]

1. Nf3 Nf6 2. c4 g6 3. d4 Bg7 4. Nc3 O-O 5. e4 d6 6. Be2 c5 7. O-O a6 8. h3 cxd4
9. Nxd4 Nc6 10. Be3 Qa5 11. a3 Nxd4 12. Bxd4 Be6 13. b4 Qd8 14. Nd5 Nxe4 15. Bxg7
Kxg7 16. Qd4+ Nf6 17. Nxf6 exf6 18. Rfd1 Qc8 19. Qxd6 Bxc4 20. Rac1 b5 21. Bxc4
bxc4 22. Qf4 Rd8 23. Rxd8 Qxd8 24. Qxc4 Qd2 25. Qc3 Qf4 26. Qe3 Qf5 27. Rc7 Qd5
28. Qc5 Qd1+ 29. Kh2 Re8 30. Qc4 Qd6+ 31. g3 Re6 32. Qc5 Qd2 33. Qa7 Re2 34. Rxf7+
Kh6 35. Rxf6 Qd5 36. Qb8 Re1 37. Qf8+ Kg5 38. f4+ 1-0

[Event "Druzynowe  Mistrzostwa Polski w Szachach - I liga"]
[Site "Poronin-Limba"]
[Date "1899-12-30"]
[Round "4.16"]
[White "Miturova, Magdalena"]
[Black "Krupa, Monika"]
[Result "1-0"]
[WhiteTitle "WIM"]
[BlackTitle "WGM"]
[WhiteElo "2188"]
[BlackElo "2230"]

1. e4 c5 2. Nf3 Nc6 3. Bb5 g6 4. Bxc6 bxc6 5. O-O Bg7 6. Re1 Nf6 7. e5 Nd5 8. c4
Nc7 9. d4 cxd4 10. Qxd4 d5 11. Nc3 O-O 12. Qh4 f6 13. Bh6 Ne6 14. Bxg7 Nxg7 15.
exf6 exf6 16. Rad1 g5 17. Qd4 Ne6 18. Qd2 dxc4 19. Qe2 Qc7 20. Qxc4 Qf7 21. Rd6
Nf4 22. Qxf7+ Rxf7 23. Re8+ Kg7 24. Rdd8 Rc7 25. Ne4 Nd5 26. Rg8+ Kh6 27. Nd6
Nb6 28. Rdf8 Rg7 29. Nf7+ Rxf7 30. Rxf7 Nd5 31. Rff8 Ne7 32. Rxf6+ Ng6 33. Ne5
Bb7 34. Rxa8 Bxa8 35. Nxg6 hxg6 36. Rf8 1-0

[Event "Druzynowe  Mistrzostwa Polski w Szachach - I liga"]
[Site "Poronin-Limba"]
[Date "1899-12-30"]
[Round "4.17"]
[White "Hnydiuk, Aleksander"]
[Black "Antoniewski, Rafal"]
[Result "1/2-1/2"]
[WhiteTitle "IM"]
[BlackTitle "GM"]
[WhiteElo "2409"]
[BlackElo "2538"]

1. Nf3 Nf6 2. c4 e6 3. g3 b6 4. Bg2 Bb7 5. O-O Be7 6. Nc3 O-O 7. Re1 d5 8. cxd5
exd5 9. d4 Nbd7 10. Bf4 c5 11. dxc5 Nxc5 12. Rc1 Nfe4 13. Be5 Re8 14. Nb5 Bf8
15. b4 Ne6 16. Qb3 a6 17. Nc7 Nxc7 18. Rxc7 Rxe5 19. Rxb7 Re8 20. Bh3 Qf6 21.
Rc7 Bd6 22. Rc2 Rad8 23. Rd1 d4 24. Rxd4 Bxg3 25. Rxe4 Bxf2+ 26. Kxf2 Rxe4 27.
Rc8 Rxc8 28. Bxc8 g5 29. h3 h5 30. Qd5 Rxb4 31. Bxa6 g4 32. hxg4 hxg4 33. Qg5+
Qxg5 34. Nxg5 Kg7 35. Bd3 Kf6 36. Ne4+ Ke5 37. Ng3 Rb2 38. a4 Ra2 39. Bb5 f5 40.
Bd7 f4 41. Nh5 g3+ 42. Kf3 g2 43. Kxg2 Rxe2+ 44. Kf3 Re3+ 45. Kf2 Rc3 46. Bb5
Rh3 47. Ng7 Rh2+ 48. Kf3 Rh7 49. Ne8 Rh3+ 50. Kf2 Rc3 51. Bd7 Rd3 52. Bb5 Rc3
53. Bd7 Rc2+ 54. Kf3 Rh2 55. Bb5 Rh3+ 56. Kf2 Rh2+ 1/2-1/2

[Event "Druzynowe  Mistrzostwa Polski w Szachach - I liga"]
[Site "Poronin-Limba"]
[Date "1899-12-30"]
[Round "4.18"]
[White "Maksimenko, Andrei"]
[Black "Plat, Vojtech"]
[Result "1/2-1/2"]
[WhiteTitle "GM"]
[BlackTitle "GM"]
[WhiteElo "2484"]
[BlackElo "2539"]

1. d4 Nf6 2. c4 e6 3. Nc3 Bb4 4. Qc2 d5 5. a3 Be7 6. Nf3 O-O 7. Bg5 Nbd7 8. e3
c6 9. Rc1 h6 10. Bh4 dxc4 11. Bxc4 Nd5 12. Bxe7 Qxe7 13. Ne4 N5b6 14. Ba2 e5 15.
O-O exd4 16. Nxd4 Nf6 17. Ng3 Rd8 18. Rfe1 Qe5 19. Nf3 Qe7 20. Nd4 Qe5 21. Nf3
Qe7 22. Nd4 Qe5 23. Nf3 1/2-1/2

[Event "Druzynowe  Mistrzostwa Polski w Szachach - I liga"]
[Site "Poronin-Limba"]
[Date "1899-12-30"]
[Round "4.19"]
[White "Nguyen, Piotr"]
[Black "Jaracz, Pawel"]
[Result "1/2-1/2"]
[WhiteTitle "IM"]
[BlackTitle "GM"]
[WhiteElo "2409"]
[BlackElo "2469"]

1. c4 c6 2. g3 d5 3. Bg2 Nf6 4. Nf3 Nbd7 5. cxd5 cxd5 6. Nc3 e6 7. O-O b6 8. d3
Bb7 9. e4 dxe4 10. dxe4 Nc5 11. e5 Nd5 12. Nxd5 Qxd5 13. b4 Qxd1 14. Rxd1 Na4
15. Bd2 Be7 16. Be1 Bd5 17. Nd4 Bxg2 18. Kxg2 Rc8 19. Rac1 Rxc1 20. Rxc1 Kd7 21.
Nb5 Rc8 22. Rxc8 Kxc8 23. Nxa7+ Kb7 24. Nb5 Kc6 25. Na7+ Kb7 26. Nb5 Kc6 27. Na7+
1/2-1/2

[Event "Druzynowe  Mistrzostwa Polski w Szachach - I liga"]
[Site "Poronin-Limba"]
[Date "1899-12-30"]
[Round "4.20"]
[White "Krysztofiak, Marcin"]
[Black "Wcislo, Damian"]
[Result "1-0"]
[WhiteTitle "IM"]
[BlackTitle "k+"]
[WhiteElo "2383"]
[BlackElo "2403"]

1. d4 f5 2. g3 Nf6 3. Bg2 g6 4. Nf3 Bg7 5. O-O O-O 6. b3 d6 7. Bb2 a5 8. c4 c6
9. Nc3 Na6 10. d5 e5 11. dxe6 Nc5 12. Qc2 Bxe6 13. Rad1 Qe7 14. a3 f4 15. Nd4
fxg3 16. hxg3 Bg4 17. b4 axb4 18. axb4 Ne6 19. Nf3 g5 20. Qd2 Bxf3 21. exf3 Ne8
22. Rfe1 Qf7 23. Re4 Be5 24. Bh3 N8g7 25. c5 Qxf3 26. Bg2 Qf5 27. cxd6 Bxd6 28.
Rxe6 Nxe6 29. Qxd6 Rad8 30. Qe7 Rde8 31. Qxb7 Qxf2+ 32. Kh1 Qxb2 33. Ne4 Qe5 34.
Qxc6 Rd8 35. Rxd8 Rxd8 36. b5 Kg7 37. b6 Qd5 38. Qc3+ Qd4 39. Qa5 Qd1+ 40. Kh2
Qd5 41. Qa7+ Kh8 42. Qe7 g4 43. Nf6 Qf5 44. b7 Rb8 45. Nd7 Qh5+ 46. Kg1 Re8 47.
Qd6 1-0

[Event "Druzynowe  Mistrzostwa Polski w Szachach - I liga"]
[Site "Poronin-Limba"]
[Date "1899-12-30"]
[Round "4.21"]
[White "Kowalczyk, Pawel"]
[Black "Borgula, Rafal"]
[Result "1-0"]
[WhiteTitle "k+"]
[BlackTitle "FM"]
[WhiteElo "2330"]
[BlackElo "2250"]

1. d4 d5 2. Nf3 Nf6 3. g3 e6 4. Bg2 c5 5. c4 Nc6 6. cxd5 exd5 7. O-O Be7 8. dxc5
Bxc5 9. Nc3 O-O 10. a3 Be6 11. b4 Be7 12. Bb2 Rc8 13. Qd3 h6 14. Rfd1 Qd7 15.
Nb5 Rfd8 16. Nbd4 a6 17. Nxc6 Qxc6 18. Rac1 Qe8 19. Nd4 Rxc1 20. Rxc1 Rc8 21.
Nf5 Rxc1+ 22. Bxc1 Bf8 23. Ne3 Qc6 24. Bb2 Ne4 25. Nc2 Nd6 26. Nd4 Qc4 27. Qb1
Bd7 28. e3 Ne4 29. Bf1 Qc8 30. Qd1 Be7 31. Qh5 Nf6 32. Qe5 Bd8 33. Ne2 Be6 34.
Qd4 Ne8 35. Nf4 Bf6 36. Qd2 Bxb2 37. Qxb2 Nf6 38. Qe5 Ng4 39. Qd6 Nf6 40. Bd3
Qc1+ 41. Kg2 Qc8 42. Nxe6 fxe6 43. Bg6 Ne4 44. Qe7 Kh8 45. h4 Nf6 46. Bf7 d4 47.
Qxe6 Qd8 48. exd4 Qxd4 49. Qc8+ Kh7 50. Qf5+ Kh8 51. h5 Qd8 52. Qc5 b6 53. Qc6
a5 54. bxa5 bxa5 55. a4 Qf8 56. Qe6 Qd8 57. f3 Qd2+ 58. Kh3 Qd8 59. g4 Qa8 60.
Qf5 Qd8 61. Bb3 Qb8 62. Bc2 Qa8 63. Bd3 Kg8 64. Be2 Kh8 65. Qe5 Kg8 66. Kg3 Qd8
67. f4 Kh8 68. Bf3 Qb6 69. Kg2 Qd8 70. Qc3 Ng8 71. Qe3 Qd7 72. Qe4 Qd2+ 73. Kh3
Nf6 74. Qe5 Qd3 75. Kg3 Qb1 76. Qd4 Qe1+ 77. Kg2 Qe7 78. Qb6 Qd7 79. Qxa5 Qd4
80. g5 hxg5 81. fxg5 Qb2+ 82. Kh3 Qb3 83. Qa8+ Ng8 84. Qe4 Qc3 85. Kg3 Qc5 86.
Qd5 Qg1+ 87. Kf4 Qc1+ 88. Kg3 Qg1+ 89. Kh3 Qf1+ 90. Bg2 Qf4 91. a5 Qe3+ 92. Bf3
Qa3 93. Kg3 Ne7 94. Qe5 Kg8 95. h6 gxh6 96. gxh6 Nf5+ 97. Qxf5 Qd6+ 98. Qf4 Qg6+
99. Qg4 Kh8 100. Kh3 1-0